000 00380nam a22001577a 4500
003 OSt
005 20220204084239.0
008 220204b |||||||| |||| 00| 0 eng d
020 _a8176842605
040 _cH.U
082 _a621.81505
100 _aRaj
_929687
245 _aPinciples Electrical Machine Design
260 _aNew Delhi
_bSMT Sumtira
_c1992
942 _2ddc
_cBOOKS
_n0
999 _c29216
_d29216